000 00949cam a22002654a 4500
001 BD-DhSAU 6968
003 BD-DhSAU
005 20150516120644.0
008 020926s2002 ph ab rbf 001 0 eng
020 _a1578082552
040 _aBD-DhSAU
082 0 0 _a632.40201
_222
_bGOH
100 1 _aMew, T. W.
245 1 2 _aA handbook of rice seedborne fungi /
_cT.W. Mew and P. Gonzales.
260 _aMakati City, Philippines :
_bIRRI, ;
_aEnfield, NH :
_bScience Publishers,
_cc2002.
300 _av, 83 p. :
_bill. ;
_c25 cm.
504 _aIncludes bibliographical references and index.
590 _ajoy
650 0 _aRice
_xDiseases and pests
_vHandbooks, manuals, etc.
650 0 _aSeed-borne plant diseases
_vHandbooks, manuals, etc.
650 0 _aFungal diseases of plants
_vHandbooks, manuals, etc.
650 0 _aPhytopathogenic fungi
_vHandbooks, manuals, etc.
700 1 _aGonzales, P.
710 2 _aInternational Rice Research Institute.
942 _2ddc
_cBOOK
999 _c6968
_d6968